America Latina: mayor dependencia del exterior
Gardado en:
| Formato: | Texto |
|---|---|
| Materias: | |
| Etiquetas: |
Engadir etiqueta
Sen Etiquetas, Sexa o primeiro en etiquetar este rexistro!
|
MARC
| LEADER | 00000 a a2200000 04500 | ||
|---|---|---|---|
| 001 | 42034 | ||
| 003 | |||
| 040 | |||
| 245 | |a America Latina: |b mayor dependencia del exterior | ||
| 650 | |a DEPENDENCIA ECONOMICA | ||
| 650 | |a RELACIONES EXTERIORES | ||
| 650 | |a AMERICA LATINA | ||
| 773 | |g número18 (1977) | ||
| 999 | |c 23169 |d 23169 | ||
| 773 | 0 | |0 42391 |9 3927 |a Agencia Latinoamericana de Información, ALAI |d Quito, Ecuador: ALAI |o 03995 |t ALAI: |x 08275564 (Servicio mensual de información y documentación) | |
